00944nas a2200325 4500001001300000003000900013005001700022007000300039008003400042040005400076041000900130072000800139100002100147100001900168100002400187100002000211100001900231100001700250100002400267245007100291650001000362650001400372650002200386650001000408650002300418650001800441650002100459650002200480773011600502BR2016001648BR-BrBNA20231205130311.0ta230509b bl.|||p| |||| 00| 00por d aBR-BrBNAbporcBiblioteca Nacional de Agricultura a(PT) aF071 aCosta, E.J.B. da1 aSouza, E.S. de1 aBarros Júnior, G.1 aNunes Filho, J.1 aSouza, J.R. de1 aTabosa, J.N.1 aLeite, M.L. de M.V.1 aCultivo de sorgo em sistema de vazante com e sem cobertura do solo aSORGO aVARIEDADE aCOBERTURA DO SOLO aTABOA aTYPHA DOMINGUENSIS aPRODUTIVIDADE aFÍSICA DO SOLO aQUÍMICA DO SOLO0 tRevista Brasileira de Milho e Sorgo (Brazil)xISSN 1676-689Xg(May-Aug 2015), v. 14(2) p. 182-195wBR2016001648